000 00769nam a2200265 i 4500
001 C2-0235380
003 PPAK
005 20180727195459.0
008 010904s1961 io a|||| ||||| | may d
040 _aPPAK
_beng
_cPPAK
_erda
082 0 4 _a899.240093
_223
090 0 0 _a899.240093
_bJAS
_dKAM
090 0 0 _a899.240093
_bJAS
_dKIH
090 0 0 _a899.240093
_bJAS
_dKSA
090 0 0 _a899.240093
_bJAS
_dKSI
100 1 _aJassin, H. B.,
_eauthor
245 1 0 _aAnalisa :
_bsorotan tjerita pendek
264 1 _aDjakarta, Indonesia :
_bGunung Agung ,
_c1961
300 _a200 pages :
_billustrations ;
_c22 cm
336 _2rdacontent
_atext
337 _2rdamedia
_aunmediated
338 _2rdacarrier
_avolume
650 1 0 _aShort stories, Indonesian
942 _ddc
_cB
999 _c51391
_d51391